Female Rappers - Statistics

General Stats
  • This quiz has been taken 204 times
  • The average score is 4 of 10
Answer Stats
Song Rapper % Correct
Starships Nicki Minaj
96%
Fancy Iggy Azalea
72%
Fergalicious Fergie
63%
Work It Missy Elliott
58%
Paper Planes M.I.A.
50%
Crush on You Lil' Kim
44%
Let Me Blow Ya Mind Eve
32%
You Can't Stop the Beat Queen Latifah
13%
No Scrubs Lisa Lopes
11%
Keep On, Keepin' On MC Lyte
8%
No matching quizzes found
Score Distribution
Percent of People with Each Score
Percentile by Number Answered
Your Score History
You have not taken this quiz